000 00500nam a22001817a 4500
003 CEME
005 20210628201845.0
008 210209b xxu||||| |||| 00| 0 eng d
020 _a1-86064-340-X
040 _c.
082 _a297.09 SCH
100 _aSchulze, Reinhard
_957123
245 _aA modern history of the islamic world
260 _aNEW YORK
_bI.B TAURIS PUBLISHER
_c2000
300 _aX,384P
650 _aHISTORY OF THE ISLAMIC WORLD ISLAMIC WORLD-HISTORY
_957124
942 _cBK
_2ddc
999 _c567421
_d567421